000 00416nam a2200169Ia 4500
001 2364
003 IN-NITTTR
005 20251114232929.0
008 251113s9999||||xx |||||||||||||| ||eng||
040 _beng
040 _cIN-NITTTR
041 _aeng
082 _a621.9 G959F
100 _aKaushish, J. P.
245 0 _aFitting tools for machinist, turner, fitter, tool maker /
_cKaushish, J. P.
942 _2ddc
_cBK
999 _c3630
_d3630